000 01394nam a2200349 i 4500
001 000017861
003 DO-SdBNP
005 20260526131154.0
007 ta
008 100406s1998 dr ac 001 0 spa d
040 _aDO-SdBNP
_bspa
_cBNPHU
_erda
041 _aspa
082 4 _a972.93053
_bE82s
_222
100 1 _aEstrella M., Luis Salvador,
_d1947-
_eautor
_4aut.
_938774
245 1 0 _aSalvador Estrella S. del complot a la gloria /
_cLuis Salvador Estrella M.
264 1 _aSanto Domingo
_bAmigo del Hogar,
_c1998.
300 _a232 páginas :
_bilustraciones, retratos ;
_c24 cm.
336 _atexto
_btxt
_2rdacontent
337 _asin mediación
_bn
_2rdamedia
338 _avolumen
_bnc
_2rdacarrier
500 _aIncluye índice de nombres
500 _aIncluye datos biográficos del autor en la solapa de la cubierta
600 1 4 _aEstrella M., Luis Salvador,
_d1947-
_938775
_vRelatos personales
600 1 4 _aEstrella S., Salvador ,
_d1919-1961
_vCorrespondencia, memorias, etc.
_938776
600 1 4 _aTrujillo Molina, Rafael Leónidas,
_d 1891-1961
_976764
650 4 _aPersecuciones políticas
_zRepública Dominicana
_928992
650 4 _aHomicidio político
_931686
650 4 _aConspiraciones
_zRepública Dominicana
_xHistoria
_912686
650 4 _aAsesinato
_zRepública Dominicana
_xBiografías
_938777
910 _aValidado. Control de calidad MFF
942 _2ddc
_cLBS1
999 _c17385
_d17385